| 000 | 00544cam a22001814a 4500 | ||
|---|---|---|---|
| 020 | _a9782845868434 | ||
| 040 | _cDLC | ||
| 082 | _a330 GRE 2008 A011 Or. | ||
| 100 | 1 | _aPillot, Didier. | |
| 245 | 1 | 0 |
_aJardins et rizières du Cambodge : _bles enjeux du développement agricole / |
| 260 |
_aParis : _bKarthala ; _aNogent-sur-Marne : _bGRET, _c[2008]. |
||
| 300 |
_a522 p. : _bill. (some col.) ; _c24 cm. |
||
| 490 | 0 | _aEconomie et développement | |
| 650 | 0 | _aAgriculture | |
| 650 | 0 | _aAgriculture | |
| 650 | 0 | _aRural development | |
| 942 | _cEK | ||
| 999 |
_c13382 _d13382 |
||